<?xml version="1.0" encoding="UTF-8"?>
<record
    xmlns:xsi="http://www.w3.org/2001/XMLSchema-instance"
    xsi:schemaLocation="http://www.loc.gov/MARC21/slim http://www.loc.gov/standards/marcxml/schema/MARC21slim.xsd"
    xmlns="http://www.loc.gov/MARC21/slim">

  <leader>01744nam a2200337Ia 4500</leader>
  <datafield tag="999" ind1=" " ind2=" ">
    <subfield code="c">6668</subfield>
    <subfield code="d">6668</subfield>
  </datafield>
  <controlfield tag="003">OSt</controlfield>
  <controlfield tag="005">20200330124007.0</controlfield>
  <controlfield tag="008">191128s1996    mx a   gr     001 0 spa d</controlfield>
  <datafield tag="020" ind1=" " ind2=" ">
    <subfield code="a">9686548394</subfield>
  </datafield>
  <datafield tag="040" ind1=" " ind2=" ">
    <subfield code="a">CO-JMCR</subfield>
    <subfield code="c">CO-JMCR</subfield>
  </datafield>
  <datafield tag="082" ind1="0" ind2="4">
    <subfield code="a">030 / </subfield>
    <subfield code="b">V473a </subfield>
  </datafield>
  <datafield tag="100" ind1="1" ind2=" ">
    <subfield code="a">Vera, Jos&#xE9; Luis, </subfield>
    <subfield code="e">Coordinaci&#xF3;n de texto</subfield>
    <subfield code="9">2147</subfield>
  </datafield>
  <datafield tag="245" ind1="1" ind2="2">
    <subfield code="a">A ver si sabes ... : </subfield>
    <subfield code="b">libro - juego de preguntas y respuestas /</subfield>
    <subfield code="c">Jos&#xE9; Luis Vera, Susana Esquerdo, M&#xF3;nica Mar&#xED;nez ; ilustraciones, Nuria peiriz, Francisco R&#xE1;fols</subfield>
  </datafield>
  <datafield tag="260" ind1=" " ind2=" ">
    <subfield code="a">M&#xE9;xico : </subfield>
    <subfield code="b">Lexus,</subfield>
    <subfield code="c">1996</subfield>
  </datafield>
  <datafield tag="300" ind1=" " ind2=" ">
    <subfield code="a">79 P&#xE1;ginas : </subfield>
    <subfield code="b">Ilustraciones a color ; </subfield>
    <subfield code="c">27 cm.</subfield>
  </datafield>
  <datafield tag="490" ind1="0" ind2=" ">
    <subfield code="a">Programa educativo visual</subfield>
  </datafield>
  <datafield tag="505" ind1=" " ind2=" ">
    <subfield code="a">&#xBF;En qu&#xE9; a&#xF1;o se descubri&#xF3; el rayo l&#xE1;ser? -- &#xBF;A cu&#xE1;ntos metros equivale un di&#xE1;metro? -- &#xBF;Qui&#xE9;n difundi&#xF3; el sistema de numeraci&#xF3;n actual? -- C&#xF3;mo se llama el aparato que se utilizaba antiguamente para calcular?
</subfield>
  </datafield>
  <datafield tag="520" ind1=" " ind2=" ">
    <subfield code="a">A ver si sabes&#x2026; es un libro-juego de preguntas y respuestas pensando para que &#xB4;pueda participar toda la familia. Su objetivo es que los lectores se diviertan a la vez que aprenden y aprendan a la vez que se divierten</subfield>
  </datafield>
  <datafield tag="546" ind1=" " ind2=" ">
    <subfield code="a">spa</subfield>
  </datafield>
  <datafield tag="650" ind1="1" ind2="4">
    <subfield code="a">F&#xED;sica</subfield>
    <subfield code="x">preguntas y respuestas  </subfield>
    <subfield code="9">2148</subfield>
  </datafield>
  <datafield tag="650" ind1="2" ind2="4">
    <subfield code="a">Qu&#xED;mica</subfield>
    <subfield code="x">preguntas y respuestas  </subfield>
    <subfield code="9">2153</subfield>
  </datafield>
  <datafield tag="650" ind1="2" ind2="4">
    <subfield code="a">Astronom&#xED;a</subfield>
    <subfield code="x">preguntas y respuestas  </subfield>
    <subfield code="9">2154</subfield>
  </datafield>
  <datafield tag="650" ind1="2" ind2="4">
    <subfield code="a">Geograf&#xED;a</subfield>
    <subfield code="x">preguntas y respuestas  </subfield>
    <subfield code="9">2155</subfield>
  </datafield>
  <datafield tag="650" ind1="2" ind2="4">
    <subfield code="a">Tecnolog&#xED;a</subfield>
    <subfield code="x"> preguntas y respuestas  </subfield>
    <subfield code="9">2156</subfield>
  </datafield>
  <datafield tag="650" ind1="2" ind2="4">
    <subfield code="a">Gram&#xE1;tica</subfield>
    <subfield code="x">preguntas y respuestas</subfield>
    <subfield code="9">2157</subfield>
  </datafield>
  <datafield tag="700" ind1="1" ind2=" ">
    <subfield code="a">Susana Esquerdo, </subfield>
    <subfield code="e">Coordinaci&#xF3;n de texto</subfield>
    <subfield code="9">2149</subfield>
  </datafield>
  <datafield tag="700" ind1="1" ind2=" ">
    <subfield code="a">Mar&#xED;nez, M&#xF3;nica,  </subfield>
    <subfield code="e">Coordinaci&#xF3;n de texto</subfield>
    <subfield code="9">2150</subfield>
  </datafield>
  <datafield tag="700" ind1="1" ind2=" ">
    <subfield code="a">Peiriz, Nuria,  </subfield>
    <subfield code="e">ilustradora</subfield>
    <subfield code="9">2151</subfield>
  </datafield>
  <datafield tag="700" ind1="1" ind2=" ">
    <subfield code="a">R&#xE1;fols, Francisco, </subfield>
    <subfield code="e">Ilustrador</subfield>
    <subfield code="9">2152</subfield>
  </datafield>
  <datafield tag="942" ind1=" " ind2=" ">
    <subfield code="2">ddc</subfield>
    <subfield code="c">BK</subfield>
  </datafield>
  <datafield tag="952" ind1=" " ind2=" ">
    <subfield code="0">0</subfield>
    <subfield code="1">0</subfield>
    <subfield code="2">ddc</subfield>
    <subfield code="4">0</subfield>
    <subfield code="7">0</subfield>
    <subfield code="a">CPL</subfield>
    <subfield code="b">CPL</subfield>
    <subfield code="d">2024-01-26</subfield>
    <subfield code="e">Donaci&#xF3;n</subfield>
    <subfield code="g">0.00</subfield>
    <subfield code="l">0</subfield>
    <subfield code="o">030 /  V473a</subfield>
    <subfield code="p">201807664</subfield>
    <subfield code="r">2024-05-16 00:00:00</subfield>
    <subfield code="t">V.6 / Ej.1</subfield>
    <subfield code="w">2020-03-30</subfield>
    <subfield code="y">BK</subfield>
  </datafield>
</record>
